LIBRARY & INFORMATION CENTRE, KCAET, TAVANUR

ONLINE PUBLIC ACCESS CATALOGUE (OPAC)

Panabala / (Record no. 4568)

MARC details
000 -LEADER
fixed length control field 00357cam a2200145ua 4500
041 ## - LANGUAGE CODE
Language code of text/sound track or separate title mal
082 ## - DEWEY DECIMAL CLASSIFICATION NUMBER
Classification number 894.812308
Item number PAL/PA
100 ## - MAIN ENTRY--AUTHOR NAME
Personal name Pallath, .
245 ## - TITLE STATEMENT
Title Panabala /
260 ## - PUBLICATION, DISTRIBUTION, ETC. (IMPRINT)
Place of publication Quilon :
Name of publisher Sree Rama Vilasam Press & Book Depot ,
Year of publication 1956.
300 ## - PHYSICAL DESCRIPTION
Number of Pages 111 ; .
942 ## - ADDED ENTRY ELEMENTS (KOHA)
Koha item type Books
Holdings
Withdrawn status Lost status Damaged status Home library Current library Date acquired Full call number Accession Number Koha item type
Withdrawn     KAUAET Sanskrit University 07/04/2012 894.812308 1099 Books
free website counter